• 首页
  • 本馆介绍
  • 公告通知
  • 最新文献
  • 馆藏检索
  • 电子资源
  • 读者导购
  • 参考咨询
  • 我的图书馆
  • 登录
  • 详细信息显示
  • 放入我的书架
  • 预约/预借图书
  • 作者相关作品
  • 分类相关作品
  • 丛书相关作品
  • 出版社相关作品

书目信息

  • 表格格式
  • 工作单格式
  • 卡片格式
题名:
中国拍卖手册
    
 
作者: 陈少湘 , 李沙 主编
分册:  
出版信息: 北京   企业管理出版社  2004
页数: 464页
开本: 28cm
丛书名:
单 册:
中图分类: F724.59
科图分类:
主题词: 拍卖--中国--手册
电子资源:
ISBN: 7-80197-115-9
000 01099nam0 2200313 450
000 01062nam0 2200301 450
000 01067nam0 2200313 450
000 01013nam0 2200289 450
000 01009nam0 2200277 450
000 00972nam0 2200265 45
001 TS-100387
005 20061228143844.78
010    @a7-80197-115-9@dCNY58.00
100    @a20060829d2004 em y0chiy0110 ea
101 0  @achi
102    @aCN@b110000
105    @ay z 000yy
200 1  @a中国拍卖手册@AZhong Guo Pai Mai Shou Ce@f陈少湘,李沙主编@FChen Shao Xiang, Li Sha Zhu Bian
210    @a北京@c企业管理出版社@d2004
215    @a464页@d28cm
330    @a本书全面系统地介绍了拍卖的业务知识和操作实务,共分五篇十章,涉及拍卖基本理论、拍卖制度法规、拍卖文书格式、拍卖重要信息等内容。
606 0  @a拍卖@y中国@x手册
690    @aF724.59@v4
701  0 @a陈少湘@AChen Shao Xiang@4主编
701  0 @a李沙@ALi Sha@4主编
801  0 @aCN@b中图数据@c20061228
905    @a10447@dF724.59@e33
    
    中国拍卖手册/陈少湘,李沙主编.-北京:企业管理出版社,2004
    464页;28cm
    
    
    ISBN 7-80197-115-9:CNY58.00
    本书全面系统地介绍了拍卖的业务知识和操作实务,共分五篇十章,涉及拍卖基本理论、拍卖制度法规、拍卖文书格式、拍卖重要信息等内容。
●
相关链接 在E读中查询图书 在五车中查询图书 在当当中查询图书 在豆瓣中查询图书


正题名:中国拍卖手册     索取号:F724.59/33         预约/预借

序号 登录号 条形码 馆藏地/架位号 状态 备注
1 0603397   206033978   第一样本阅览室/ [索取号:F724.59/33] 在馆    
2 0603398   206033987   第一借阅区/ [索取号:F724.59/33] 在馆    
3 0603399   206033996   第一借阅区/ [索取号:F724.59/33] 在馆    
唐山师范学院图书馆 欢迎您!
大连网信软件有限公司© 版权所有